[Event "11th Philadelphia International"]
[Site "Philadelphia, PA"]
[Date "2017.06.24"]
[Round "1.1"]
[White "Baquero, Luis"]
[Black "Perez, Yuniesky"]
[Result "0-1"]
[WhiteElo "2222"]
[BlackElo "2624"]
[PlyCount "56"]
[EventDate "2017.06.??"]
[EventType "swiss"]
[EventRounds "9"]
[EventCountry "USA"]
[WhiteClock "0:37:29"]
[BlackClock "0:01:34"]

1. c4 e5 2. Nc3 Nf6 3. g3 Bb4 4. Nd5 Nxd5 5. cxd5 O-O 6. Bg2 c5 7. Qc2 d6 8.
Nf3 Re8 9. O-O e4 10. Ne1 Bg4 11. f3 exf3 12. exf3 Bh5 13. Nd3 Bg6 14. Qc4 Nd7
15. Nf4 Ne5 16. Qb5 a6 17. Qa4 Nd3 18. Nxg6 hxg6 19. a3 c4 20. h4 b5 21. Qd1
Bc5+ 22. Kh2 g5 23. hxg5 Qxg5 24. f4 Qh6+ 25. Bh3 Nf2 26. Rxf2 Bxf2 27. d3 Re1
28. Qf3 Rae8 0-1

[Event "11th Philadelphia International"]
[Site "Philadelphia, PA"]
[Date "2017.06.24"]
[Round "1.2"]
[White "Nyzhnyk, Illia"]
[Black "Banik, Siddharth"]
[Result "1-0"]
[WhiteElo "2612"]
[BlackElo "2209"]
[PlyCount "69"]
[EventDate "2017.06.??"]
[EventType "swiss"]
[EventRounds "9"]
[EventCountry "USA"]
[WhiteClock "0:25:31"]
[BlackClock "0:27:34"]

1. c4 Nf6 2. Nc3 e6 3. e4 d5 4. e5 Ne4 5. cxd5 exd5 6. Nf3 Be7 7. Nxe4 dxe4 8.
Qa4+ Nc6 9. Qxe4 g6 10. a3 Bf5 11. Qc4 f6 12. d4 Qd7 13. Be3 Be4 14. Be2 fxe5
15. dxe5 Bxf3 16. gxf3 Nxe5 17. Qe4 Qf5 18. Qxf5 gxf5 19. O-O-O Bd6 20. Bb5+
Nc6 21. Rd5 Rf8 22. Bh6 O-O-O 23. Bc4 Rfe8 24. Rxf5 Bxh2 25. Be3 Be5 26. Rxh7
Bd4 27. Rff7 Bxe3+ 28. fxe3 Rxe3 29. Rxc7+ Kb8 30. Rxb7+ Ka8 31. Rbc7 Re1+ 32.
Kc2 Nd4+ 33. Kc3 Re3+ 34. Kb4 Nc2+ 35. Ka4 1-0

[Event "11th Philadelphia International"]
[Site "Philadelphia, PA"]
[Date "2017.06.24"]
[Round "1.3"]
[White "Paul, Justin"]
[Black "Zhou, Jianchao"]
[Result "1/2-1/2"]
[WhiteElo "2195"]
[BlackElo "2595"]
[PlyCount "90"]
[EventDate "2017.06.??"]
[EventType "swiss"]
[EventRounds "9"]
[EventCountry "USA"]
[WhiteClock "0:30:20"]
[BlackClock "0:31:40"]

1. Nf3 c5 2. c4 Nc6 3. d4 cxd4 4. Nxd4 Nf6 5. Nc3 e6 6. a3 Be7 7. e4 O-O 8. Be2
b6 9. Be3 Bb7 10. O-O d6 11. f4 Rc8 12. b4 Re8 13. Bd3 g6 14. Qf3 Nxd4 15. Bxd4
Nd7 16. Qf2 Rf8 17. Rad1 Bh4 18. g3 Be7 19. f5 Bf6 20. Nb5 Ne5 21. Be2 exf5 22.
Ba1 Ng4 23. Bxg4 Bxa1 24. exf5 Be5 25. fxg6 fxg6 26. Qe2 Rxf1+ 27. Qxf1 Ra8 28.
Be6+ Kh8 29. Nxd6 Qe7 30. Nf7+ Kg8 31. Nd8+ Kg7 32. Nxb7 Qxe6 33. Nd8 Qg4 34.
Rd5 Bd4+ 35. Kg2 Bf6 36. Qd3 Rxd8 37. Rxd8 Bxd8 38. Qxd8 Qe2+ 39. Kg1 Qe1+ 40.
Kg2 Qe2+ 41. Kg1 Qxc4 42. Qd7+ Qf7 43. Qd4+ Qf6 44. Qd7+ Qf7 45. Qd4+ Qf6
1/2-1/2

[Event "11th Philadelphia International"]
[Site "Philadelphia, PA"]
[Date "2017.06.24"]
[Round "1.5"]
[White "Machuca, Danny"]
[Black "Stukopin, Andrey"]
[Result "0-1"]
[WhiteElo "2153"]
[BlackElo "2577"]
[PlyCount "54"]
[EventDate "2017.06.??"]
[EventType "swiss"]
[EventRounds "9"]
[EventCountry "USA"]

1. d4 c5 2. c3 Nf6 3. Nf3 Qb6 4. a4 cxd4 5. a5 Qc7 6. cxd4 e6 7. Nc3 Nc6 8. Nb5
Qb8 9. e3 a6 10. Nc3 Bb4 11. Bd2 Bxa5 12. Bd3 d5 13. Ne5 Bc7 14. f4 O-O 15. O-O
g6 16. Qf3 Ne8 17. Qh3 Ne7 18. g4 f6 19. Nf3 Nd6 20. Qh4 b5 21. Ne2 a5 22. Ng3
b4 23. Qh6 Rf7 24. b3 Ba6 25. Bxa6 Rxa6 26. h4 Rg7 27. Ne5 fxe5 0-1

[Event "11th Philadelphia International"]
[Site "Philadelphia, PA"]
[Date "2017.06.24"]
[Round "1.6"]
[White "Li, Ruifeng"]
[Black "Virtanen, Teemu"]
[Result "1-0"]
[WhiteElo "2571"]
[BlackElo "2141"]
[PlyCount "43"]
[EventDate "2017.06.??"]
[EventType "swiss"]
[EventRounds "9"]
[EventCountry "USA"]

1. b3 e5 2. Bb2 Nc6 3. e3 Nf6 4. Nf3 Bd6 5. d4 exd4 6. exd4 O-O 7. Be2 Re8 8.
O-O b6 9. c4 Bb7 10. Nc3 a6 11. d5 Ne5 12. Nd4 Bc5 13. Nf5 g6 14. Ng3 h5 15.
Nce4 d6 16. Qd2 h4 17. Nxf6+ Qxf6 18. Ne4 Qf5 19. Nxc5 bxc5 20. f4 Nd7 21. Rae1
f6 22. h3 1-0

[Event "11th Philadelphia International"]
[Site "Philadelphia, PA"]
[Date "2017.06.24"]
[Round "1.7"]
[White "Nguyen, Trung"]
[Black "Belous, Vladimir"]
[Result "0-1"]
[WhiteElo "2132"]
[BlackElo "2567"]
[PlyCount "94"]
[EventDate "2017.06.??"]
[EventType "swiss"]
[EventRounds "9"]
[EventCountry "USA"]

1. d4 Nf6 2. c4 g6 3. Nc3 Bg7 4. e4 O-O 5. Nge2 d6 6. Ng3 c5 7. d5 e6 8. Be2
exd5 9. exd5 Nbd7 10. O-O Re8 11. Re1 Ne5 12. h3 a6 13. a4 Qe7 14. Be3 h5 15.
Bg5 Qf8 16. Qd2 Nh7 17. Be3 f5 18. Nf1 Nf7 19. f4 Nf6 20. Bd3 Bd7 21. Qc2 Bh6
22. Bd2 h4 23. Nh2 Nh5 24. Ne2 Qg7 25. Bc3 Qh7 26. Bd2 g5 27. Ng4 Bg7 28. fxg5
Qg6 29. Nf6+ Bxf6 30. gxf6 Ng5 31. Bxg5 Qxg5 32. Rf1 Re5 33. Rf2 Rf8 34. Qc1
Qxf6 35. Nf4 Ng3 36. Qc3 Rfe8 37. Ne2 Qg5 38. Nxg3 hxg3 39. Rf3 Re3 40. Raf1
Rxf3 41. Rxf3 Re3 42. Qc1 f4 43. Rxe3 fxe3 44. b3 Bf5 45. Be2 Qf4 46. Bf3 Bxh3
47. Qb2 Bg4 0-1

[Event "11th Philadelphia International"]
[Site "Philadelphia, PA"]
[Date "2017.06.24"]
[Round "1.8"]
[White "Becerra, Julio"]
[Black "Guo, Arthur"]
[Result "1-0"]
[WhiteElo "2556"]
[BlackElo "2122"]
[PlyCount "101"]
[EventDate "2017.06.??"]
[EventType "swiss"]
[EventRounds "9"]
[EventCountry "USA"]

1. e4 c5 2. Nf3 d6 3. Bb5+ Nc6 4. O-O Bd7 5. Re1 a6 6. Bf1 g6 7. h3 Bg7 8. c3
Nf6 9. d4 cxd4 10. cxd4 e5 11. Nc3 O-O 12. dxe5 dxe5 13. Be3 Be6 14. Ng5 Nd4
15. Nxe6 Nxe6 16. Qb3 b5 17. Rad1 Qb8 18. g3 h5 19. h4 Rd8 20. Bg2 Qb7 21. Nd5
Rac8 22. Rc1 Kh7 23. a4 Ng4 24. Bh3 Nxe3 25. fxe3 Qb8 26. axb5 Qxb5 27. Qxb5
axb5 28. b4 Ra8 29. Rc6 Nf8 30. Rc7 f5 31. exf5 gxf5 32. Bxf5+ Kh8 33. Be4 Rac8
34. Rec1 Rxc7 35. Rxc7 Ne6 36. Rc6 Nf8 37. Rb6 Nd7 38. Rxb5 Nf6 39. Nxf6 Bxf6
40. Kf2 Kg7 41. Rb7+ Kf8 42. Bg6 Be7 43. Kf3 Rd2 44. Bxh5 Rb2 45. b5 Bc5 46.
Rf7+ Kg8 47. Rf5 Bd6 48. Be8 Rb4 49. e4 Rb3+ 50. Kg4 Rb4 51. Bc6 1-0

[Event "11th Philadelphia International"]
[Site "Philadelphia, PA"]
[Date "2017.06.24"]
[Round "1.9"]
[White "Burke, John"]
[Black "Jirasek, Ladia"]
[Result "1-0"]
[WhiteElo "2489"]
[BlackElo "2271"]
[PlyCount "105"]
[EventDate "2017.06.??"]
[EventType "swiss"]
[EventRounds "9"]
[EventCountry "USA"]

1. e4 c5 2. Nf3 g6 3. d4 cxd4 4. Nxd4 Nc6 5. Nc3 Bg7 6. Be3 Nf6 7. Bc4 Qa5 8.
O-O O-O 9. Bb3 d6 10. h3 Bd7 11. Re1 Rac8 12. Qe2 Qh5 13. Nxc6 bxc6 14. Bxa7 c5
15. Qxh5 Nxh5 16. Nd5 Rfe8 17. c3 Ra8 18. Bb6 Rab8 19. Ba5 Bc6 20. Nc7 Rec8 21.
Bd5 Bd7 22. Bc4 Rxb2 23. Nd5 Re8 24. Rab1 Rxb1 25. Rxb1 Bc6 26. Rb6 Bxd5 27.
Bxd5 Nf4 28. Bc6 Rc8 29. Kf1 Ne6 30. Bd5 Nd8 31. Ra6 Kf8 32. Ra8 Rxa8 33. Bxa8
Ke8 34. a4 Kd7 35. Bb6 Kc8 36. e5 Bxe5 37. a5 Ne6 38. Bd5 Nc7 39. Bxf7 Bxc3 40.
Bg8 h6 41. Ke2 Kd7 42. Bh7 Nd5 43. Kd3 Be1 44. f3 g5 45. Bg8 Kc6 46. Bd8 e5 47.
a6 Nf4+ 48. Ke4 d5+ 49. Kxe5 d4 50. Bh7 d3 51. Be4+ Kb5 52. a7 d2 53. Bc2 1-0

[Event "11th Philadelphia International"]
[Site "Philadelphia, PA"]
[Date "2017.06.24"]
[Round "1.10"]
[White "Paragua, Mark"]
[Black "Easton, Jack"]
[Result "0-1"]
[WhiteElo "2520"]
[BlackElo "2098"]
[PlyCount "90"]
[EventDate "2017.06.??"]
[EventType "swiss"]
[EventRounds "9"]
[EventCountry "USA"]

1. d4 d5 2. Bg5 h6 3. Bh4 c5 4. dxc5 g5 5. Bg3 Bg7 6. c3 Na6 7. e4 dxe4 8.
Qxd8+ Kxd8 9. Bxa6 bxa6 10. Na3 Bb7 11. O-O-O+ Ke8 12. Nc4 Rc8 13. b4 Bxc3 14.
a3 a5 15. Nxa5 Ba6 16. Kc2 Bg7 17. a4 f5 18. f4 Nf6 19. Nh3 g4 20. Nf2 Rc7 21.
c6 Bc8 22. b5 Be6 23. Rhe1 Rc8 24. Rb1 Kf7 25. Nd1 Nd5 26. Bf2 Nxf4 27. Bxa7
Nd3 28. Rf1 Ne5 29. Ne3 Kg6 30. Rfd1 f4 31. Nd5 Kg5 32. Nxe7 Rc7 33. b6 Rxe7
34. b7 e3 35. Bb6 Bf5+ 36. Kb3 Nxc6 37. Nxc6 Rxb7 38. a5 Bxb1 39. Rxb1 Rc8 40.
Nb4 Re8 41. Nd5 e2 42. a6 Rxb6+ 43. Nxb6 e1=Q 44. Rxe1 Rxe1 45. a7 Re8 0-1

[Event "11th Philadelphia International"]
[Site "Philadelphia, PA"]
[Date "2017.06.24"]
[Round "1.11"]
[White "Zhang, Alan"]
[Black "Barbosa, Oliver"]
[Result "0-1"]
[WhiteElo "2094"]
[BlackElo "2511"]
[PlyCount "102"]
[EventDate "2017.06.??"]
[EventType "swiss"]
[EventRounds "9"]
[EventCountry "USA"]

1. e4 c6 2. d4 d5 3. Nc3 dxe4 4. Nxe4 Bf5 5. Ng3 Bg6 6. h4 h6 7. Nf3 Nd7 8. h5
Bh7 9. Bd3 Bxd3 10. Qxd3 e6 11. Bd2 Ngf6 12. O-O-O Be7 13. Kb1 O-O 14. Ne4 Nxe4
15. Qxe4 Nf6 16. Qe2 Qd5 17. Ne5 Qe4 18. Be3 Nd5 19. g4 c5 20. Qd3 Qxd3 21.
Rxd3 Rfd8 22. dxc5 Nxe3 23. fxe3 Bxc5 24. e4 f6 25. Rhd1 Rxd3 26. Nxd3 Rd8 27.
c3 Bb6 28. Kc2 Kf7 29. b4 g6 30. e5 gxh5 31. Rf1 hxg4 32. Rxf6+ Kg7 33. Nf4 Re8
34. Nh5+ Kh7 35. Rf4 Kg6 36. Nf6 Rh8 37. Rxg4+ Kf5 38. Rh4 Bd8 39. a4 Bxf6 40.
exf6 Kxf6 41. Rh5 Kg6 42. Re5 h5 43. Rxe6+ Kf7 44. Re1 h4 45. Rh1 Ke6 46. Kd3
h3 47. Rh2 Kf5 48. Ke3 Kg4 49. Kf2 Rd8 50. Kf1 Kg3 51. Re2 Rd1+ 0-1

[Event "11th Philadelphia International"]
[Site "Philadelphia, PA"]
[Date "2017.06.24"]
[Round "1.12"]
[White "Hernandez, Holden"]
[Black "Mujumdar, Sameer"]
[Result "1-0"]
[WhiteElo "2510"]
[BlackElo "2089"]
[PlyCount "135"]
[EventDate "2017.06.??"]
[EventType "swiss"]
[EventRounds "9"]
[EventCountry "USA"]

1. d4 Nf6 2. c4 e6 3. Nc3 Bb4 4. e3 O-O 5. Nge2 b6 6. a3 Bxc3+ 7. Nxc3 Bb7 8.
Bd3 d5 9. cxd5 exd5 10. b4 Nbd7 11. O-O Re8 12. Bb2 c5 13. dxc5 bxc5 14. Nb5
Re6 15. Rc1 a6 16. Nc3 d4 17. exd4 cxd4 18. Ne2 Ne5 19. Nxd4 Nxd3 20. Qxd3 Ng4
21. Rfd1 Ne5 22. Qf5 Qd5 23. f3 Rg6 24. Kh1 Rd8 25. Qc2 Rgd6 26. Re1 Ng6 27.
Qc5 Nf4 28. Re5 Qxc5 29. bxc5 Rxd4 30. Bxd4 Nd3 31. Re7 Nxc1 32. Rxb7 h6 33.
Rb1 Rxd4 34. Rxc1 Kf8 35. c6 Rd8 36. h4 Ke7 37. c7 Rc8 38. Rc6 a5 39. Kh2 Kd7
40. Rc5 a4 41. Rc4 Rxc7 42. Rxa4 Ke7 43. g4 g6 44. Kg3 Rc1 45. Kf4 Rh1 46. Ke5
Re1+ 47. Re4 Rd1 48. Rd4 Ra1 49. a4 Ra3 50. f4 f6+ 51. Kd5 Rh3 52. f5 gxf5 53.
gxf5 Rf3 54. Kc6 Rxf5 55. Kb6 Rf1 56. a5 Rb1+ 57. Kc6 Ra1 58. Kb5 f5 59. a6 Kf6
60. Ra4 Rb1+ 61. Ka5 Rb8 62. a7 Ra8 63. Kb6 Ke5 64. Kb7 Rxa7+ 65. Rxa7 f4 66.
Ra5+ Ke4 67. Rh5 f3 68. Rxh6 1-0

[Event "11th Philadelphia International"]
[Site "Philadelphia, PA"]
[Date "2017.06.24"]
[Round "1.13"]
[White "Eswaran, Ashrita"]
[Black "Burke, John"]
[Result "0-1"]
[WhiteElo "2086"]
[BlackElo "2489"]
[PlyCount "116"]
[EventDate "2017.06.??"]
[EventType "swiss"]
[EventRounds "9"]
[EventCountry "USA"]

1. e4 c5 2. Nf3 d6 3. d4 cxd4 4. Nxd4 Nf6 5. Nc3 a6 6. Be3 e5 7. Nf3 Be7 8. Bc4
O-O 9. O-O Nc6 10. Qe2 Na5 11. Bb3 Be6 12. Rfd1 Nxb3 13. cxb3 Nd7 14. Rac1 Rc8
15. Ne1 f5 16. exf5 Rxf5 17. Nc2 Rf8 18. Nb4 Qe8 19. Nbd5 Bh4 20. Ne4 Rxc1 21.
Bxc1 Qf7 22. Bg5 Bxd5 23. Bxh4 Bxe4 24. Qxe4 Nc5 25. Qd5 Qxd5 26. Rxd5 Rc8 27.
Rxd6 Nxb3 28. Rd8+ Rxd8 29. Bxd8 Nc1 30. Bc7 e4 31. a3 Nd3 32. b3 Kf7 33. Kf1
Ke6 34. Ke2 Kd5 35. b4 b5 36. f4 g6 37. g4 Nb2 38. Be5 Nc4 39. Bc3 Nxa3 40. f5
gxf5 41. gxf5 Nc4 42. f6 Ke6 43. Bd4 h5 44. Kf2 Nd2 45. Ke3 Nf1+ 46. Kxe4 Nxh2
47. Kf4 Ng4 48. Kg5 Nxf6 49. Bxf6 h4 50. Bd8 h3 51. Bc7 Kd5 52. Kg4 Kc4 53.
Kxh3 Kxb4 54. Kg3 Ka3 55. Kf3 b4 56. Bd6 a5 57. Ke3 Ka2 58. Kd3 b3 0-1

[Event "11th Philadelphia International"]
[Site "Philadelphia, PA"]
[Date "2017.06.24"]
[Round "1.14"]
[White "Nakar, Eylon"]
[Black "Macaspac, Arthur"]
[Result "1-0"]
[WhiteElo "2476"]
[BlackElo "2059"]
[PlyCount "75"]
[EventDate "2017.06.??"]
[EventType "swiss"]
[EventRounds "9"]
[EventCountry "USA"]

1. e4 c5 2. Nf3 d6 3. d4 cxd4 4. Qxd4 Nc6 5. Bb5 Bd7 6. Bxc6 Bxc6 7. c4 Nf6 8.
Nc3 g6 9. O-O Bg7 10. Qd3 O-O 11. Nd4 Bd7 12. f3 a6 13. a4 Ne8 14. Be3 b6 15.
Rfd1 Rb8 16. Rac1 Nc7 17. b3 Ne6 18. Nd5 Nc5 19. Qc2 Re8 20. Rb1 Qc8 21. Qf2 a5
22. Qh4 f6 23. Nb5 Bxb5 24. axb5 Rb7 25. Qf2 Qe6 26. Qe2 Kh8 27. Re1 Qf7 28. b4
axb4 29. Nxb4 f5 30. exf5 gxf5 31. Nc6 f4 32. Bf2 e5 33. Rbd1 Bf8 34. Bxc5 bxc5
35. Qe4 Rd7 36. b6 Re6 37. b7 Rxb7 38. Nd8 1-0

[Event "11th Philadelphia International"]
[Site "Philadelphia, PA"]
[Date "2017.06.24"]
[Round "1.15"]
[White "Bayer, Anu"]
[Black "Garcia, Jan"]
[Result "0-1"]
[WhiteElo "2041"]
[BlackElo "2436"]
[PlyCount "86"]
[EventDate "2017.06.??"]
[EventType "swiss"]
[EventRounds "9"]
[EventCountry "USA"]

1. d4 Nf6 2. c4 g6 3. Nc3 c5 4. d5 d6 5. e4 Bg7 6. Bd3 O-O 7. Nge2 e6 8. O-O e5
9. h3 Nh5 10. Be3 f5 11. exf5 gxf5 12. f4 e4 13. Bc2 Kh8 14. Rb1 b6 15. b4 Rg8
16. bxc5 dxc5 17. d6 Nc6 18. Nb5 Bd7 19. Qd2 Qh4 20. Kh2 Nf6 21. Nc7 Ng4+ 22.
Kh1 Nxe3 23. Qxe3 Bd4 24. Qd2 Rad8 25. Nd5 Rg6 26. Ba4 Bg7 27. Ne3 Qf6 28. Rbd1
Nd4 29. Bxd7 Rxd7 30. Nc3 Rxd6 31. Ncd5 Qh4 32. Qf2 Rg3 33. Ne7 Rh6 34. Rd2
Rxh3+ 35. gxh3 Qxh3+ 36. Qh2 Qxe3 37. Qxh6 Bxh6 38. Rh2 Bf8 39. Ng6+ Kg7 40.
Ne5 Bd6 41. Rg1+ Qxg1+ 42. Kxg1 Bxe5 43. fxe5 Nf3+ 0-1

[Event "11th Philadelphia International"]
[Site "Philadelphia, PA"]
[Date "2017.06.24"]
[Round "1.19"]
[White "Guddanti, Harshita"]
[Black "Wheeler, Cameron"]
[Result "1/2-1/2"]
[WhiteElo "2023"]
[BlackElo "2407"]
[PlyCount "66"]
[EventDate "2017.06.??"]
[EventType "swiss"]
[EventRounds "9"]
[EventCountry "USA"]

1. e4 e6 2. d4 d5 3. Nc3 Bb4 4. e5 c5 5. a3 Bxc3+ 6. bxc3 Ne7 7. Qg4 Qc7 8.
Qxg7 Rg8 9. Qxh7 cxd4 10. Ne2 Nbc6 11. f4 dxc3 12. Qd3 d4 13. Nxd4 Nxd4 14.
Qxd4 Bd7 15. Rg1 Nf5 16. Qf2 Qc6 17. Bd3 Qd5 18. Bxf5 exf5 19. Be3 O-O-O 20.
Rd1 Qa2 21. Qe2 Be6 22. Kf2 Rxd1 23. Rxd1 Bc4 24. Ra1 Qxa1 25. Qxc4+ Kb8 26.
Qc5 Qd1 27. Qxa7+ Kc7 28. Qa5+ Kd7 29. Qb5+ Kd8 30. Bb6+ Ke7 31. Bc5+ Kd8 32.
Bb6+ Ke7 33. Bc5+ Kd8 1/2-1/2

[Event "11th Philadelphia International"]
[Site "Philadelphia, PA"]
[Date "2017.06.24"]
[Round "1.20"]
[White "Zhu, Jack"]
[Black "Saikhanchimeg, Saik"]
[Result "1-0"]
[WhiteElo "2400"]
[BlackElo "1970"]
[PlyCount "67"]
[EventDate "2017.06.??"]
[EventType "swiss"]
[EventRounds "9"]
[EventCountry "USA"]

1. Nf3 Nf6 2. c4 g6 3. Nc3 Bg7 4. d4 O-O 5. e4 d6 6. Be2 Nc6 7. d5 Nb8 8. O-O
Nbd7 9. h3 c6 10. Be3 a5 11. Nd4 cxd5 12. exd5 Nc5 13. Re1 h6 14. Bf3 Bd7 15.
Qd2 Kh7 16. Re2 Rc8 17. Rae1 Re8 18. g4 b6 19. Bg2 e5 20. dxe6 Bxe6 21. Nxe6
Rxe6 22. Bf4 Rxe2 23. Qxe2 Ne6 24. Bg3 Ne8 25. Nb5 Qf6 26. b3 Nf4 27. Qe4 Nxg2
28. Kxg2 a4 29. Re3 Rb8 30. Rf3 Qb2 31. Rxf7 Qxa2 32. Nxd6 Nxd6 33. Bxd6 Rg8
34. Be5 1-0

[Event "11th Philadelphia International"]
[Site "Philadelphia, PA"]
[Date "2017.06.24"]
[Round "1.21"]
[White "Zhu, Qingyu"]
[Black "Nolte, Rolando"]
[Result "0-1"]
[WhiteElo "1964"]
[BlackElo "2393"]
[PlyCount "69"]
[EventDate "2017.06.??"]
[EventType "swiss"]
[EventRounds "9"]
[EventCountry "USA"]

1. e4 c5 2. Nc3 Nc6 3. g3 g6 4. d3 Bg7 5. Be3 d6 6. Bg2 Rb8 7. Qd2 b5 8. f4 b4
9. Nd1 Bb7 10. Nf3 e6 11. O-O Nge7 12. Rb1 O-O 13. Nf2 Nd4 14. c3 bxc3 15. bxc3
Nxf3+ 16. Bxf3 Qa5 17. c4 Qc7 18. Rfc1 Nc6 19. Bg2 Nd4 20. Nd1 Bc6 21. Nc3 a5
22. Ne2 Nxe2+ 23. Qxe2 a4 24. f5 exf5 25. exf5 Rbe8 26. f6 Bxf6 27. Qf2 Rxe3
28. Qxf6 Bxg2 29. Kxg2 Re2+ 30. Kg1 Rxa2 31. Qf3 Qa5 32. Ra1 Rxa1 33. Rxa1 a3
34. Qe2 Qc3 35. Ra2 0-1

[Event "11th Philadelphia International"]
[Site "Philadelphia, PA"]
[Date "2017.06.24"]
[Round "1.22"]
[White "Hong, Andrew"]
[Black "Nguyen, Tan"]
[Result "1-0"]
[WhiteElo "2383"]
[BlackElo "1949"]
[PlyCount "60"]
[EventDate "2017.06.??"]
[EventType "swiss"]
[EventRounds "9"]
[EventCountry "USA"]

1. e4 g6 2. d4 Bg7 3. Nc3 d6 4. Be3 a6 5. h4 h6 6. Qd2 Nd7 7. f4 b5 8. h5 gxh5
9. Nge2 Ngf6 10. Ng3 Bb7 11. e5 b4 12. Nce2 Ne4 13. Nxe4 Bxe4 14. Ng3 d5 15.
Nxe4 dxe4 16. d5 Nb6 17. O-O-O Qd7 18. Be2 e6 19. Bxb6 cxb6 20. Qe3 exd5 21.
Bc4 Rc8 22. Bxd5 O-O 23. Qxe4 Qg4 24. e6 a5 25. exf7+ Kh8 26. Be6 Qg3 27. Bxc8
a4 28. Rh3 Qf2 29. Rxh5 b3 30. Rxh6+ Bxh6 1-0

[Event "11th Philadelphia International"]
[Site "Philadelphia, PA"]
[Date "2017.06.24"]
[Round "1.23"]
[White "Obiamiwe, Paul"]
[Black "Hilby, Craig"]
[Result "0-1"]
[WhiteElo "1932"]
[BlackElo "2380"]
[PlyCount "78"]
[EventDate "2017.06.??"]
[EventType "swiss"]
[EventRounds "9"]
[EventCountry "USA"]

1. Nf3 Nf6 2. c4 g6 3. Nc3 d5 4. Qa4+ Bd7 5. Qb3 dxc4 6. Qxc4 c5 7. g3 Nc6 8.
Bg2 Rc8 9. O-O b6 10. Ng5 e6 11. Nge4 Nxe4 12. Nxe4 Nd4 13. Nc3 Bg7 14. e3 b5
15. Qd3 c4 16. Qb1 Nf5 17. d4 cxd3 18. Qxd3 b4 19. Ne4 O-O 20. Rd1 Ba4 21. Rd2
Qxd3 22. Rxd3 Rc2 23. Rb1 Rfc8 24. Bd2 Bb5 25. Rb3 a5 26. Bf1 Bc6 27. f3 Bd5
28. Ba6 Ra8 29. Bd3 Bxb3 30. axb3 Rxb2 31. Rxb2 Bxb2 32. Bb5 Rd8 33. Kf2 Nd6
34. Nxd6 Rxd6 35. Ke2 Bc3 36. Bc1 Rd5 37. Ba4 Rh5 38. h4 g5 39. hxg5 Rh1 0-1

[Event "11th Philadelphia International"]
[Site "Philadelphia, PA"]
[Date "2017.06.24"]
[Round "1.24"]
[White "Sarkar, Justin"]
[Black "De Fotis, Gary"]
[Result "1-0"]
[WhiteElo "2375"]
[BlackElo "1911"]
[PlyCount "75"]
[EventDate "2017.06.??"]
[EventType "swiss"]
[EventRounds "9"]
[EventCountry "USA"]

1. e4 c5 2. Nf3 d6 3. d4 cxd4 4. Qxd4 Nc6 5. Bb5 Bd7 6. Qd3 Nf6 7. c4 g6 8. O-O
Bg7 9. Nc3 O-O 10. h3 Rc8 11. Be3 a6 12. Bxc6 Bxc6 13. Nd4 Nd7 14. Rac1 Qa5 15.
Qb1 Qh5 16. b4 Bxd4 17. Bxd4 b5 18. cxb5 axb5 19. f4 e5 20. Be3 exf4 21. Bxf4
Ne5 22. Rcd1 Rcd8 23. Nd5 Bxd5 24. Rxd5 Qe2 25. Qd1 Qxd1 26. Rfxd1 Ra8 27. Rxb5
Rxa2 28. Rxd6 f6 29. Bxe5 fxe5 30. Rd7 Rc8 31. Rxe5 h6 32. Ree7 g5 33. e5 Kf8
34. Rh7 Kg8 35. Rdg7+ Kf8 36. e6 Re2 37. e7+ Ke8 38. Rg8+ 1-0

[Event "11th Philadelphia International"]
[Site "Philadelphia, PA"]
[Date "2017.06.24"]
[Round "1.25"]
[White "Goli, Sandhya"]
[Black "Ruiz, Joshua"]
[Result "0-1"]
[WhiteElo "1873"]
[BlackElo "2367"]
[PlyCount "62"]
[EventDate "2017.06.??"]
[EventType "swiss"]
[EventRounds "9"]
[EventCountry "USA"]

1. e4 c5 2. Nf3 d6 3. d4 cxd4 4. Nxd4 Nf6 5. Nc3 a6 6. Be3 e5 7. Nb3 Be6 8. f3
Be7 9. Qd2 h5 10. O-O-O Nbd7 11. g3 Rc8 12. Kb1 b5 13. Nd5 Bxd5 14. exd5 Nb6
15. Bxb6 Qxb6 16. Bd3 g6 17. Rhe1 Nd7 18. h3 Kf8 19. g4 Bh4 20. Re2 Bg3 21. Rg2
Bf4 22. Qe2 hxg4 23. hxg4 Kg7 24. c4 b4 25. Rf1 a5 26. Nd2 a4 27. Ne4 Rh3 28.
Nf2 Rh4 29. Nd1 Nc5 30. Qf2 Rh3 31. Be4 Qa6 0-1

[Event "11th Philadelphia International"]
[Site "Philadelphia, PA"]
[Date "2017.06.24"]
[Round "1.26"]
[White "Kumar, Nikhil"]
[Black "Kumar, Naman"]
[Result "1-0"]
[WhiteElo "2367"]
[BlackElo "1840"]
[PlyCount "99"]
[EventDate "2017.06.??"]
[EventType "swiss"]
[EventRounds "9"]
[EventCountry "USA"]

1. d4 Nf6 2. c4 g6 3. Nc3 Bg7 4. e4 d6 5. f3 O-O 6. Nge2 c5 7. Be3 Nc6 8. Qd2
cxd4 9. Nxd4 Bd7 10. Be2 Rc8 11. O-O a6 12. Rfd1 Nxd4 13. Bxd4 Bc6 14. Rac1 Nd7
15. Bxg7 Kxg7 16. Kh1 Nc5 17. Qd4+ Kg8 18. b3 e5 19. Qxd6 Qxd6 20. Rxd6 Ne6 21.
Rcd1 Rfd8 22. Rxd8+ Rxd8 23. Rxd8+ Nxd8 24. Nd5 Ne6 25. Ne7+ Kf8 26. Nxc6 bxc6
27. b4 Nd4 28. Bd3 Ke7 29. c5 Kd7 30. Bxa6 Nc2 31. b5 Nb4 32. bxc6+ Kxc6 33.
Bc4 f6 34. h4 Kxc5 35. Bg8 h5 36. Bf7 g5 37. Kh2 Kd4 38. Kg3 Ke3 39. a4 gxh4+
40. Kxh4 Kf2 41. Bxh5 Kxg2 42. Kg4 Kf2 43. Kf5 Kg3 44. Kxf6 Kf4 45. Ke6 Na6 46.
Kd5 Nb4+ 47. Kd6 Na6 48. a5 Nb4 49. Kc5 Na6+ 50. Kb6 1-0

[Event "11th Philadelphia International"]
[Site "Philadelphia, PA"]
[Date "2017.06.24"]
[Round "1.27"]
[White "Shepherd, Duncan"]
[Black "Wang, Kevin"]
[Result "0-1"]
[WhiteElo "1785"]
[BlackElo "2367"]
[PlyCount "54"]
[EventDate "2017.06.??"]
[EventType "swiss"]
[EventRounds "9"]
[EventCountry "USA"]

1. d4 d5 2. c4 e6 3. Nc3 c6 4. e4 Bb4 5. e5 c5 6. a3 Bxc3+ 7. bxc3 Ne7 8. Nf3
Nbc6 9. Be3 cxd4 10. cxd4 b6 11. Rc1 Ba6 12. Nd2 dxc4 13. Qa4 Bb7 14. Nxc4 O-O
15. Nd6 Na5 16. Nxb7 Nxb7 17. Bg5 h6 18. Bh4 g5 19. Bg3 Nf5 20. Ba6 Na5 21. Rd1
Qd5 22. O-O h5 23. h3 Rad8 24. Rd2 Qb3 25. Bb5 Qxa4 26. Bxa4 Nc4 27. Rd3 Nb2
0-1

[Event "11th Philadelphia International"]
[Site "Philadelphia, PA"]
[Date "2017.06.24"]
[Round "1.28"]
[White "Perez, Robert"]
[Black "Zhu, Evelyn"]
[Result "1-0"]
[WhiteElo "2365"]
[BlackElo "1754"]
[PlyCount "73"]
[EventDate "2017.06.??"]
[EventType "swiss"]
[EventRounds "9"]
[EventCountry "USA"]

1. d4 d5 2. c4 e6 3. Nf3 c5 4. cxd5 exd5 5. Bg5 Be7 6. Bxe7 Qxe7 7. dxc5 Nf6 8.
Nbd2 Bg4 9. Rc1 O-O 10. h3 Bh5 11. g4 Bg6 12. Bg2 Na6 13. O-O Nxc5 14. Nh4 Rae8
15. Nxg6 fxg6 16. Nf3 Ne6 17. e3 Rd8 18. Qa4 Ne4 19. Qxa7 N6g5 20. Nxg5 Nxg5
21. f4 Ne4 22. Qd4 Kh8 23. g5 Rfe8 24. Kh2 Rd7 25. Rfd1 Rdd8 26. Rd3 Kg8 27.
Qb6 Rd6 28. Qb3 Red8 29. Rd4 Kh8 30. Rcd1 h6 31. Rxd5 Nc5 32. Qa3 b6 33. Rxd6
Rxd6 34. Qa8+ Kh7 35. Rxd6 Qxd6 36. gxh6 gxh6 37. Bd5 1-0

[Event "11th Philadelphia International"]
[Site "Philadelphia, PA"]
[Date "2017.06.24"]
[Round "1.31"]
[White "Viswanathan, Arul"]
[Black "Aaron, Deepak"]
[Result "0-1"]
[WhiteElo "1714"]
[BlackElo "2321"]
[PlyCount "48"]
[EventDate "2017.06.??"]
[EventType "swiss"]
[EventRounds "9"]
[EventCountry "USA"]

1. d4 e6 2. Nf3 f5 3. Bg5 Be7 4. Bxe7 Qxe7 5. c3 Nf6 6. Nbd2 b6 7. e3 Bb7 8.
Bd3 d5 9. Ne5 Nbd7 10. Ndf3 O-O 11. h3 c5 12. g4 f4 13. exf4 Nxe5 14. Nxe5 Ne4
15. Bxe4 dxe4 16. Rg1 Rxf4 17. Qd2 e3 18. fxe3 Qh4+ 19. Kd1 Rf2 20. Qe1 Qf6 21.
Nd3 Bf3+ 22. Kc1 Re2 23. Qg3 Rxe3 24. Ne5 Qg5 0-1